<?xml version="1.0" encoding="UTF-8"?>
<record
    xmlns:xsi="http://www.w3.org/2001/XMLSchema-instance"
    xsi:schemaLocation="http://www.loc.gov/MARC21/slim http://www.loc.gov/standards/marcxml/schema/MARC21slim.xsd"
    xmlns="http://www.loc.gov/MARC21/slim">

  <leader>01965    a2200241   4500</leader>
  <controlfield tag="001">49490</controlfield>
  <controlfield tag="005">20260407155758.0</controlfield>
  <controlfield tag="008">260407a2019    arg                 spa d</controlfield>
  <controlfield tag="003">AR-UNSa-BCEJYS</controlfield>
  <datafield tag="040" ind1=" " ind2=" ">
    <subfield code="a">AR-UNSa-BCEJYS</subfield>
    <subfield code="b">spa</subfield>
    <subfield code="c">AR-UNSa-BCEJYS</subfield>
  </datafield>
  <datafield tag="080" ind1=" " ind2=" ">
    <subfield code="a">378</subfield>
    <subfield code="x">Ense&#xF1;anza superior. Universidades. Escuelas especiales</subfield>
  </datafield>
  <datafield tag="245" ind1="1" ind2="0">
    <subfield code="a">Compartir docencia en la universidad</subfield>
    <subfield code="p">&#xBF;C&#xF3;mo es que ven&#xED;s juntos a clase?</subfield>
  </datafield>
  <datafield tag="020" ind1=" " ind2=" ">
    <subfield code="a">978-84-17667-12-2</subfield>
  </datafield>
  <datafield tag="264" ind1=" " ind2="1">
    <subfield code="a">Barcelona :</subfield>
    <subfield code="b">Ediciones Octaedro</subfield>
    <subfield code="c">2019</subfield>
  </datafield>
  <datafield tag="300" ind1=" " ind2=" ">
    <subfield code="a">136 p.</subfield>
    <subfield code="c">21 cm.</subfield>
  </datafield>
  <datafield tag="505" ind1=" " ind2=" ">
    <subfield code="a">1.  Esbozar el campo de la colaboraci&#xF3;n en la docencia universtiaria / Fernando Hern&#xE1;ndez y Hern&#xE1;ndez; Paulo Padilla Petry &#x2013; 2. Colaboraciones docentes en la trayectoria del grupo / Joan-Anton S&#xE1;nchez Valero; Fernando Herraiz Garc&#xED;a &#x2013; 3. Ni t&#xFA;, ni yo. Las clases compartidas como espacios de encuentro y alquimia pedag&#xF3;gica / Cristina Alonso Cano; Raquel Mi&#xF1;o Puigcerc&#xF3;s &#x2013; 4. Ense&#xF1;ar y aprender en compa&#xF1;&#xED;a / Judit Ons&#xE9;s Segarra; Juana M. Sancho Gil &#x2013; 5. Compartir desde una trama de desplazamientos / Aurelio Castro Varela; Fernando Hern&#xE1;ndez y Hern&#xE1;ndez &#x2013; 6. &lt;Wonder&gt; Como excusa, elegimos ser amables / Judit Ons&#xE9;s Segarra; Carlos Montero de Gea; Anna For&#xE9;s Miravalles &#x2013; 7. Compartir en la distancia desayunos pedag&#xF3;gicos en un curso de investigaci&#xF3;n basada en las artes / Carlos Canales Bonilla; Fernando Hern&#xE1;ndez y Hern&#xE1;ndez - 9. Cuando tres no son multitud / Judit Ons&#xE9;s Segarraa, Fernando Hern&#xE1;ndez y Hern&#xE1;ndez; Juana M. Sancho Gil - 10. Retos y posibilidades de la docencia compartida. Una s&#xED;ntesis a partir de las vivencias del profesorado / Beatriz Revelles-Benavente; Pablo Rivera Vargas -</subfield>
  </datafield>
  <datafield tag="041" ind1=" " ind2=" ">
    <subfield code="a">spa</subfield>
  </datafield>
  <datafield tag="942" ind1=" " ind2=" ">
    <subfield code="c">BK</subfield>
  </datafield>
  <datafield tag="590" ind1=" " ind2=" ">
    <subfield code="a">niveau_biblio:m niveau_hierar:0</subfield>
  </datafield>
  <datafield tag="100" ind1="1" ind2=" ">
    <subfield code="a">Hern&#xE1;ndez y Hern&#xE1;ndez, Fernando</subfield>
  </datafield>
  <datafield tag="700" ind1="1" ind2=" ">
    <subfield code="a">Herraiz Garc&#xED;a, Fernando</subfield>
  </datafield>
  <datafield tag="856" ind1="4" ind2="1">
    <subfield code="u">https://www.biblioeco.unsa.edu.ar/pmb/images/libros/L128141.jpg</subfield>
    <subfield code="y">Imagen de portada</subfield>
    <subfield code="q">image/jpeg</subfield>
  </datafield>
  <datafield tag="999" ind1=" " ind2=" ">
    <subfield code="c">4856</subfield>
    <subfield code="d">4856</subfield>
  </datafield>
  <datafield tag="952" ind1=" " ind2=" ">
    <subfield code="0">0</subfield>
    <subfield code="1">0</subfield>
    <subfield code="4">0</subfield>
    <subfield code="7">0</subfield>
    <subfield code="a">BCEJYS</subfield>
    <subfield code="b">BCEJYS</subfield>
    <subfield code="c">16</subfield>
    <subfield code="d">2026-04-07</subfield>
    <subfield code="l">0</subfield>
    <subfield code="o">P378 H557</subfield>
    <subfield code="p">L128141</subfield>
    <subfield code="r">2026-04-07 15:57:58</subfield>
    <subfield code="w">2026-04-07</subfield>
    <subfield code="y">L</subfield>
  </datafield>
</record>
